4th Gen Groups by Picture - Statistics

General Stats
  • This quiz has been taken 62 times
  • The average score is 12 of 16
Answer Stats
Picture Answer % Correct
ITZY
96%
New Jeans
96%
aespa
91%
Le sserafim
91%
Ive
89%
Stray kids
89%
TXT
87%
(G)-idle
85%
Enhypen
83%
NMIXX
81%
Ateez
74%
StayC
62%
Iz*one
60%
P1harmony
55%
Kep1er
53%
Everglow
40%
No matching quizzes found
Score Distribution
Percent of People with Each Score
Percentile by Number Answered
Your Score History
You have not taken this quiz